[Event "BL 9091 Dortmund-Delmenhorst"]
[Site "?"]
[Date "1990.??.??"]
[Round "?.4"]
[White "Paehtz, T."]
[Black "Borik, O."]
[Result "1-0"]
[WhiteElo "2430"]
[BlackElo "2375"]
[PlyCount "155"]
[EventDate "1990.??.??"]

1. d4 Nf6 2. c4 g6 3. Nf3 Bg7 4. g3 O-O 5. Bg2 d6 6. Nc3 Nbd7 7. O-O e5 8. h3
c6 9. e4 exd4 10. Nxd4 Qb6 11. Nde2 Nc5 12. b3 Re8 13. Be3 Qc7 14. Qc2 Qe7 15.
f3 b6 16. Bf2 Bb7 17. Rad1 d5 18. exd5 cxd5 19. cxd5 Nxd5 20. Nxd5 Bxd5 21.
Rxd5 Qxe2 22. Rd2 Qb5 23. Rfd1 Rac8 24. Qb1 Qb4 25. Rc2 Ne6 26. Rd7 Nd4 27.
Rxc8 Rxc8 28. Qe4 Nc6 29. Qxb4 Nxb4 30. Rxa7 b5 31. Bf1 Nc6 32. Rb7 b4 33. Bc4
Ne5 34. Rxb4 Bf8 35. Ra4 Nxf3+ 36. Kg2 Ne5 37. Bd4 Nc6 38. Bc3 Bc5 39. Ra6 Nd4
40. Bxd4 Bxd4 41. Rd6 Be5 42. Rd7 Rc7 43. Rd5 Bc3 44. g4 Kg7 45. a4 Ra7 46. Kf3
f6 47. Ke4 Ra5 48. Bb5 Ra7 49. Kd3 Be1 50. Rc5 Re7 51. Bc6 Rc7 52. Rc1 Ba5 53.
Kd4 Rc8 54. Rc5 Bb6 55. a5 Bxa5 56. Rxa5 Rxc6 57. b4 Rc1 58. b5 f5 59. g5 Kf7
60. b6 Rb1 61. Kc5 Ke6 62. Ra4 Rc1+ 63. Kb5 Rb1+ 64. Ka6 Kd5 65. b7 Kc6 66.
Rc4+ Kd5 67. Rc8 f4 68. b8=Q Rxb8 69. Rxb8 f3 70. Rh8 Ke4 71. Rxh7 f2 72. Rf7
Ke3 73. Kb5 Ke2 74. Kc5 f1=Q 75. Rxf1 Kxf1 76. Kd4 Kg2 77. Ke5 Kxh3 78. Kf6 1-0

[Event "BL 9091 Dortmund-Delmenhorst"]
[Site "?"]
[Date "1990.??.??"]
[Round "?.5"]
[White "Schlemermeyer, W."]
[Black "Keitlinghaus, L."]
[Result "1-0"]
[WhiteElo "2380"]
[BlackElo "2405"]
[PlyCount "43"]
[EventDate "1990.??.??"]

1. Nf3 d5 2. c4 c6 3. e3 Nf6 4. Nc3 e6 5. b3 Nbd7 6. Bb2 Bd6 7. Qc2 O-O 8. Be2
dxc4 9. bxc4 Re8 10. g4 Nxg4 11. Ne4 Be7 12. Rg1 Ngf6 13. Neg5 Bd6 14. Bd3 Nf8
15. Ne5 Bxe5 16. Bxe5 g6 17. f4 N6d7 18. O-O-O Nc5 19. Ne4 Nxd3+ 20. Qxd3 Qxd3
21. Nf6+ Kh8 22. Ng4+ 1-0

[Event "BL 9091 Dortmund-Delmenhorst"]
[Site "?"]
[Date "1990.??.??"]
[Round "?.6"]
[White "Thesing, M."]
[Black "Wesseln, K."]
[Result "1-0"]
[WhiteElo "2380"]
[BlackElo "2360"]
[PlyCount "129"]
[EventDate "1990.??.??"]

1. d4 Nf6 2. Nf3 c5 3. e3 g6 4. dxc5 Qa5+ 5. Nbd2 Qxc5 6. a3 Bg7 7. b4 Qc7 8.
Bb2 O-O 9. c4 d6 10. Be2 b6 11. O-O Bb7 12. Rc1 Nbd7 13. Qb3 Rac8 14. Rc2 Qb8
15. Rfc1 Qa8 16. Ne1 Ne4 17. Bxg7 Kxg7 18. Ndf3 Ndf6 19. Qb2 Kg8 20. Nd4 e5 21.
Nb3 Nd7 22. f3 Nef6 23. e4 Rfd8 24. Rd2 Nf8 25. Rcd1 Qb8 26. Nc2 Ne6 27. Ne3
Bc6 28. Nd5 Bxd5 29. cxd5 Nf4 30. Ba6 Rc7 31. Bf1 b5 32. g3 Qb6+ 33. Kh1 N4h5
34. Na5 Qe3 35. Rd3 Qh6 36. Kg1 Rf8 37. Qd2 Qg7 38. Rc3 Rxc3 39. Qxc3 a6 40. a4
bxa4 41. Bxa6 Nd7 42. Bb5 f5 43. Qc7 Nhf6 44. Qxd6 fxe4 45. fxe4 Qh6 46. Nc4
Rf7 47. Bxd7 Nxd7 48. Qe6 Kg7 49. Qg4 Nb6 50. Nxe5 Qe3+ 51. Kg2 Rf2+ 52. Kh3
Qc3 53. Nd3 Rf6 54. Qe2 a3 55. e5 Rf5 56. e6 Nxd5 57. e7 Nf6 58. e8=Q Nxe8 59.
Qxe8 a2 60. Qe7+ Kh6 61. Qe3+ Rg5 62. Qf4 a1=Q 63. Rxa1 Qxa1 64. Kh4 Kg7 65.
Kxg5 1-0

[Event "BL 9091 Dortmund-Delmenhorst"]
[Site "?"]
[Date "1990.??.??"]
[Round "?.7"]
[White "Breutigam, M."]
[Black "Stein, B."]
[Result "1/2-1/2"]
[WhiteElo "2330"]
[BlackElo "2380"]
[PlyCount "111"]
[EventDate "1990.??.??"]

1. d4 Nf6 2. c4 d6 3. Nf3 Nbd7 4. Nc3 c6 5. e3 e5 6. Be2 Be7 7. O-O O-O 8. Qc2
a6 9. a4 a5 10. b3 Re8 11. Ba3 Qc7 12. Rfd1 Nb8 13. c5 exd4 14. cxd6 Bxd6 15.
Bxd6 Qxd6 16. Rxd4 Qe7 17. Ng5 h6 18. Nge4 Bf5 19. Nxf6+ Qxf6 20. Bd3 Bxd3 21.
Qxd3 Na6 22. Ne4 Qe5 23. Rd1 c5 24. Rc4 b6 25. g3 Nb4 26. Qd6 Qxd6 27. Rxd6
Rab8 28. Kg2 Red8 29. Rc1 f5 30. Rcd1 Rxd6 31. Nxd6 Rd8 32. Kf3 Kf8 33. Rd2 g6
34. Ke2 Ke7 35. Nc4 Nd5 36. Rd3 g5 37. f3 Rd7 38. e4 fxe4 39. fxe4 Nf6 40. Nxb6
Rxd3 41. Kxd3 Ng4 42. h4 Ne5+ 43. Ke3 Ng4+ 44. Ke2 Ne5 45. Nc4 Nxc4 46. bxc4
Ke6 47. Kf3 Ke5 48. Ke3 Ke6 49. hxg5 hxg5 50. Kf3 Ke5 51. Kg4 Kxe4 52. Kxg5 Kd4
53. Kf5 Kxc4 54. g4 Kb4 55. g5 c4 56. Ke4 1/2-1/2

[Event "BL 9091 Dortmund-Delmenhorst"]
[Site "?"]
[Date "1990.??.??"]
[Round "?.8"]
[White "Buecker, S."]
[Black "Derikum, A."]
[Result "1/2-1/2"]
[WhiteElo "2345"]
[BlackElo "2320"]
[PlyCount "52"]
[EventDate "1990.??.??"]

1. f4 d5 2. g3 Nc6 3. Nf3 Bg4 4. d4 Bf5 5. Bg2 Nf6 6. c3 e6 7. Nbd2 h6 8. Ne5
Qd6 9. Qa4 Be7 10. Ndc4 dxc4 11. Nxc6 O-O 12. Nxe7+ Qxe7 13. Qxc4 Be4 14. O-O
Bxg2 15. Kxg2 Ne4 16. Qb4 Qxb4 17. cxb4 f5 18. Rd1 Rfd8 19. Rd3 Rd5 20. Bd2
Rad8 21. Bc3 Kf7 22. Rc1 c6 23. Kf3 h5 24. h4 a6 25. e3 Ke7 26. Be1 Kd7 1/2-1/2

[Event "BL 9091 Bielefeld-Dortmund"]
[Site "?"]
[Date "1990.??.??"]
[Round "?.1"]
[White "Razuvaev, Y."]
[Black "Pieper Emden, C."]
[Result "1-0"]
[WhiteElo "2570"]
[BlackElo "2405"]
[PlyCount "89"]
[EventDate "1990.??.??"]

1. c4 Nf6 2. Nc3 e5 3. Nf3 Nc6 4. a3 d5 5. cxd5 Nxd5 6. Qc2 Nxc3 7. bxc3 Bd6 8.
g3 Bg4 9. Bg2 Qd7 10. h3 Bf5 11. d3 f6 12. Nd2 Rb8 13. Rb1 Nd8 14. c4 c6 15.
Ne4 Be7 16. Be3 O-O 17. g4 Bg6 18. Bxa7 Ra8 19. Be3 Rxa3 20. Qb2 Ra6 21. Ng3
Bd6 22. O-O Rf7 23. c5 Bf8 24. f4 exf4 25. Rxf4 Qe6 26. Bf2 Rd7 27. Ra1 Rxa1+
28. Qxa1 Qe8 29. Ra4 Ne6 30. Qc1 Qe7 31. Rc4 Bf7 32. Nf5 Qd8 33. Ra4 Nc7 34.
Bg3 Nb5 35. Kh2 Be6 36. Qa1 Qe8 37. Ra8 Rd8 38. Rxd8 Qxd8 39. Bf2 g6 40. Ng3
Kf7 41. Bf3 Qb8 42. Kg2 Qa7 43. Qc1 Qa3 44. Qf4 Bxc5 45. Ne4 1-0

[Event "BL 9091 Bielefeld-Dortmund"]
[Site "?"]
[Date "1990.??.??"]
[Round "?.2"]
[White "Beckemeyer, W."]
[Black "Smagin, S."]
[Result "0-1"]
[WhiteElo "2345"]
[BlackElo "2550"]
[PlyCount "102"]
[EventDate "1990.??.??"]

1. Nf3 d5 2. c4 e6 3. d4 Nf6 4. Nc3 Nbd7 5. e3 a6 6. a3 b6 7. b4 a5 8. Rb1 axb4
9. axb4 dxc4 10. Bxc4 Bb7 11. O-O Bd6 12. Re1 Qe7 13. b5 O-O 14. Bb2 Bb4 15.
Qc2 Bxf3 16. gxf3 e5 17. Kh1 Rfe8 18. Rg1 exd4 19. Nd5 Nxd5 20. Bxd5 Rad8 21.
Bxd4 Nf6 22. Bc6 Rxd4 23. exd4 Rd8 24. Rbd1 g6 25. Qf5 Bc3 26. Qf4 Kg7 27. Rd3
Bb4 28. Qg5 Qe2 29. Qe3 Qc2 30. Rc1 Qb2 31. Rcd1 Qa2 32. f4 Ng4 33. Qf3 Nxf2+
34. Kg1 Nxd1 35. Rxd1 Rxd4 36. Rxd4 Bc5 37. Qc3 Qa4 38. Kg2 Bxd4 39. Qd3 Qa2+
40. Kf3 Qf2+ 41. Ke4 Bf6 42. h3 Bb2 43. Qe3 Qf1 44. Kd5 Qd1+ 45. Kc4 Qc2+ 46.
Kd5 Bf6 47. Be8 Qg2+ 48. Kc4 Qa2+ 49. Kd3 Qd5+ 50. Ke2 Bd4 51. Qe7 Qc4+ 0-1

[Event "BL 9091 Bielefeld-Dortmund"]
[Site "?"]
[Date "1990.??.??"]
[Round "?.3"]
[White "Mainka, R."]
[Black "Stertenbrink, G."]
[Result "1/2-1/2"]
[WhiteElo "2435"]
[BlackElo "2280"]
[PlyCount "94"]
[EventDate "1990.??.??"]

1. e4 e5 2. Nf3 d6 3. d4 exd4 4. Nxd4 Nf6 5. Nc3 g6 6. Be3 Bg7 7. Qd2 Nc6 8. f3
O-O 9. O-O-O Nxd4 10. Bxd4 Be6 11. Kb1 Re8 12. g4 a6 13. g5 Nh5 14. Bxg7 Nxg7
15. f4 Bg4 16. Re1 c6 17. Rg1 Qd7 18. Qf2 b5 19. Qh4 Be6 20. Rg3 d5 21. Rd3 d4
22. Ne2 c5 23. f5 gxf5 24. Rh3 fxe4 25. Qxh7+ Kf8 26. Rh6 Qd5 27. Nc1 Qxg5 28.
Rxe4 Ke7 29. h4 Qg1 30. Rf4 Rh8 31. Qe4 Rxh6 32. Qxa8 Qe3 33. Qb7+ Kf8 34. Re4
Qf2 35. Bh3 Rxh4 36. Re2 Qf6 37. Bxe6 Nxe6 38. Qc8+ Qd8 39. Qxa6 b4 40. Qc6 Rh5
41. Qf3 Rh6 42. Nd3 Rg6 43. Re1 Qf6 44. Qa8+ Kg7 45. Rh1 Rh6 46. Rg1+ Rg6 47.
Rh1 Rh6 1/2-1/2

[Event "BL 9091 Bielefeld-Dortmund"]
[Site "?"]
[Date "1990.??.??"]
[Round "?.4"]
[White "Panzer, P."]
[Black "Paehtz, T."]
[Result "1-0"]
[WhiteElo "2280"]
[BlackElo "2430"]
[PlyCount "80"]
[EventDate "1990.??.??"]

1. d4 Nf6 2. c4 c5 3. d5 b5 4. cxb5 a6 5. bxa6 Bxa6 6. Nc3 d6 7. g3 g6 8. Bg2
Bg7 9. Nf3 Nbd7 10. O-O Nb6 11. Nd2 O-O 12. Re1 Qc7 13. Rb1 Rae8 14. Nf1 e6 15.
Ne3 Nfd7 16. Bd2 e5 17. b3 f5 18. a4 Nf6 19. a5 Nbd7 20. Nc4 e4 21. Bf4 Ne5 22.
Bxe5 dxe5 23. Qd2 e3 24. Qxe3 e4 25. d6 Qc6 26. Qd2 Re6 27. Red1 Bb7 28. e3 Rd8
29. Ne2 g5 30. b4 cxb4 31. Qxb4 Ba6 32. Rbc1 Nd5 33. Qb3 Bxc4 34. Rxc4 Qxd6 35.
Nd4 Rb8 36. Qa2 Rf6 37. Rc6 Qd7 38. Rc5 Rd8 39. Nb5 Kh8 40. Rcxd5 Qf7 1-0

[Event "BL 9091 Bielefeld-Dortmund"]
[Site "?"]
[Date "1990.??.??"]
[Round "?.5"]
[White "Keitlinghaus, L."]
[Black "Haskamp, S."]
[Result "1-0"]
[WhiteElo "2405"]
[BlackElo "2275"]
[PlyCount "101"]
[EventDate "1990.??.??"]

1. Nf3 g6 2. e4 Bg7 3. d4 d6 4. c4 Nd7 5. Nc3 e5 6. Be2 Nh6 7. h4 f6 8. h5 g5
9. d5 a5 10. Nh2 Nc5 11. g4 Nf7 12. Be3 Bd7 13. Nf1 a4 14. Ng3 c6 15. O-O Qa5
16. Qd2 O-O 17. Rfc1 Rfb8 18. Rab1 Bf8 19. Nd1 Qxd2 20. Bxd2 cxd5 21. cxd5 Be7
22. Ne3 b5 23. Kg2 Kf8 24. Kf3 Rc8 25. Ngf5 Bd8 26. Rc2 Bb6 27. Rbc1 Ra7 28.
Bb4 Rac7 29. Bf1 Nb7 30. Rxc7 Rxc7 31. Rxc7 Bxc7 32. Nd1 Ba5 33. a3 Bb6 34. Nc3
Bd4 35. Bxb5 Bxc3 36. Bxd7 Bxb2 37. Bxa4 Nc5 38. Bb5 Bd4 39. a4 Nb7 40. a5 Ba7
41. a6 Nc5 42. Bxc5 dxc5 43. Ke2 Bb6 44. f3 Ba7 45. Kd3 Bb6 46. Kc4 Ba7 47. Ba4
h6 48. Bd7 Nd8 49. Nxh6 Ke7 50. Bb5 Nf7 51. Nxf7 1-0

[Event "BL 9091 Bielefeld-Dortmund"]
[Site "?"]
[Date "1990.??.??"]
[Round "?.6"]
[White "Beilfuss, W."]
[Black "Thesing, M."]
[Result "1/2-1/2"]
[WhiteElo "2220"]
[BlackElo "2380"]
[PlyCount "49"]
[EventDate "1990.??.??"]

1. d4 d5 2. c4 e6 3. Nc3 c6 4. e3 Nf6 5. Qc2 Nbd7 6. Nf3 Bd6 7. Be2 O-O 8. O-O
e5 9. dxe5 Nxe5 10. cxd5 cxd5 11. Nb5 Bb8 12. b3 a6 13. Nbd4 Qd6 14. Bb2 Ne4
15. Rac1 Bd7 16. Nxe5 Qxe5 17. g3 Qe7 18. Bf3 Bd6 19. Qe2 Rad8 20. Rfd1 Bc5 21.
Bg4 f5 22. Bf3 Bb6 23. Bg2 Rfe8 24. Bh3 Ng5 25. Bf1 1/2-1/2

[Event "BL 9091 Bielefeld-Dortmund"]
[Site "?"]
[Date "1990.??.??"]
[Round "?.7"]
[White "Stein, B."]
[Black "Geveke, M."]
[Result "0-1"]
[WhiteElo "2380"]
[BlackElo "2320"]
[PlyCount "80"]
[EventDate "1990.??.??"]

1. Nf3 Nf6 2. b3 d6 3. d4 g6 4. Bb2 Bg7 5. g3 O-O 6. Bg2 e5 7. dxe5 Nfd7 8. c4
dxe5 9. Nc3 Re8 10. O-O Nc6 11. Qd2 Nc5 12. Rad1 Qxd2 13. Rxd2 Ne6 14. Rfd1 f5
15. Nd5 Kf7 16. h4 h6 17. Bh3 e4 18. Ne1 Bxb2 19. Rxb2 Ne5 20. h5 c6 21. hxg6+
Nxg6 22. Ne3 Ng7 23. N1g2 Be6 24. Rbd2 a5 25. g4 fxg4 26. Bxg4 h5 27. Bxe6+
Rxe6 28. Rd7+ Re7 29. Rxe7+ Kxe7 30. Rd4 Rd8 31. Rxe4+ Kf6 32. Nf1 Rd1 33. Re3
Ne5 34. f4 Ng4 35. Rd3 Ra1 36. e4 Ne6 37. e5+ Kf5 38. Rh3 Nd4 39. Nh4+ Kxf4 40.
e6 Nxe6 0-1

[Event "BL 9091 Delmenhorst-Solingen"]
[Site "?"]
[Date "1990.??.??"]
[Round "?.2"]
[White "Armas, I."]
[Black "Chandler, M."]
[Result "0-1"]
[WhiteElo "2465"]
[BlackElo "2560"]
[PlyCount "104"]
[EventDate "1990.??.??"]

1. e4 c5 2. Nf3 e6 3. d4 cxd4 4. Nxd4 a6 5. Bd3 Nf6 6. c4 Nc6 7. Nf3 Bc5 8. O-O
d6 9. Nc3 O-O 10. Bf4 Ng4 11. Rc1 Nge5 12. a3 Qf6 13. Bxe5 Nxe5 14. Be2 Rd8 15.
Qd2 Bd7 16. Nxe5 dxe5 17. b4 Bd4 18. Qc2 Rac8 19. Qb3 g6 20. Bf3 Be8 21. Rfd1
Qe7 22. Ne2 Ba7 23. Rxd8 Rxd8 24. Rd1 Rd6 25. Nc1 Qc7 26. Rxd6 Qxd6 27. Qd3
Qxd3 28. Nxd3 Bd4 29. Kf1 Kf8 30. Bd1 Bc6 31. f3 f5 32. Nf2 Ke7 33. Bc2 b6 34.
Nd1 Kf6 35. Ke2 Kg5 36. Nf2 h5 37. a4 a5 38. bxa5 bxa5 39. Nh3+ Kf6 40. Nf2 Ke7
41. g4 Kd6 42. gxh5 gxh5 43. exf5 exf5 44. Bxf5 Bxf2 45. Kxf2 Bxa4 46. Ke3 Kc5
47. h4 Bc6 48. f4 exf4+ 49. Kxf4 a4 50. Kg5 Be8 51. Bc2 a3 52. Bb3 Bf7 0-1

[Event "BL 9091 Delmenhorst-Solingen"]
[Site "?"]
[Date "1990.??.??"]
[Round "?.3"]
[White "Lau, R."]
[Black "Hermann, Man"]
[Result "1-0"]
[WhiteElo "2475"]
[BlackElo "2390"]
[PlyCount "81"]
[EventDate "1990.??.??"]

1. e4 e5 2. Bc4 Nf6 3. d3 Be7 4. Nf3 Nc6 5. O-O O-O 6. Bb3 d6 7. c3 Be6 8. Re1
d5 9. exd5 Nxd5 10. Nxe5 Nxe5 11. Rxe5 c6 12. Re1 Bd6 13. g3 Qd7 14. Nd2 Bg4
15. f3 Bh5 16. Ne4 Bc7 17. Kg2 Rae8 18. Bd2 b6 19. d4 f5 20. Nf2 Rxe1 21. Qxe1
Kh8 22. c4 f4 23. cxd5 Bxf3+ 24. Kxf3 fxg3+ 25. Kg2 Rxf2+ 26. Kg1 cxd5 27. hxg3
Rf3 28. Kg2 Rxg3+ 29. Qxg3 Bxg3 30. Kxg3 h5 31. Be3 g5 32. Rf1 h4+ 33. Kf2 Kg7
34. Bd1 Qf5+ 35. Ke1 Qd3 36. Rf3 Qe4 37. Kd2 h3 38. Rf2 g4 39. Bc2 g3 40. Bxe4
dxe4 41. Rf4 1-0

[Event "BL 9091 Delmenhorst-Solingen"]
[Site "?"]
[Date "1990.??.??"]
[Round "?.4"]
[White "Borik, O."]
[Black "Mohr, S."]
[Result "0-1"]
[WhiteElo "2375"]
[BlackElo "2430"]
[PlyCount "120"]
[EventDate "1990.??.??"]

1. Nf3 g6 2. d4 Nf6 3. c4 Bg7 4. Nc3 d5 5. cxd5 Nxd5 6. e4 Nxc3 7. bxc3 c5 8.
Rb1 O-O 9. Qd2 b6 10. Bc4 e6 11. O-O Bb7 12. Qe3 Nc6 13. dxc5 Na5 14. Be2 Qc7
15. Ba3 Rfc8 16. Rfd1 bxc5 17. Bb5 a6 18. Rd7 Qb6 19. Qf4 f6 20. Bd3 Qc6 21.
Rd6 Qc7 22. Qg3 e5 23. Rdb6 Rd8 24. Ne1 Kh8 25. h4 Rd6 26. Rxd6 Qxd6 27. h5 g5
28. Qe3 Bf8 29. Qe2 Qe6 30. c4 Qd7 31. Qb2 Qd8 32. Qc3 Rb8 33. Nc2 Nc6 34. Ne3
Nd4 35. Nd5 Bd6 36. Bf1 Kg7 37. Bc1 Bxd5 38. Rxb8 Qxb8 39. cxd5 Qb1 40. Qb2
Qxe4 41. Qb7+ Kg8 42. Qc8+ Bf8 43. d6 Qe1 44. d7 Ne2+ 45. Kh2 Qxf1 46. d8=Q
Qg1+ 47. Kh3 Qh1+ 48. Kg4 Qxg2+ 49. Kf5 Qf3+ 50. Ke6 Nd4+ 51. Qxd4 exd4 52. Qc7
Qxh5 53. Kxf6 Qg6+ 54. Ke5 Qg7+ 55. Qxg7+ Kxg7 56. Bxg5 Kg6 57. Bd2 h5 58. f4
h4 59. f5+ Kh5 60. Ke6 Kg4 0-1

[Event "BL 9091 Delmenhorst-Solingen"]
[Site "?"]
[Date "1990.??.??"]
[Round "?.5"]
[White "Reeh, O."]
[Black "Schlemermeyer, W."]
[Result "1/2-1/2"]
[WhiteElo "2465"]
[BlackElo "2380"]
[PlyCount "66"]
[EventDate "1990.??.??"]

1. d4 Nf6 2. c4 g6 3. Nc3 d5 4. Nf3 Bg7 5. e3 O-O 6. Be2 c5 7. O-O cxd4 8. exd4
Nc6 9. h3 b6 10. Ne5 Bb7 11. Bf3 Na5 12. Re1 Rc8 13. cxd5 Nxd5 14. Bxd5 Bxd5
15. Bf4 e6 16. Qe2 Nc6 17. Rad1 Ne7 18. Ng4 Bc4 19. Qd2 Nf5 20. Nh6+ Nxh6 21.
Bxh6 Bxh6 22. Qxh6 f6 23. Qe3 Re8 24. Qf4 Kf7 25. Ne4 Rc6 26. h4 Kg7 27. h5 g5
28. h6+ Kxh6 29. Qxf6+ Qxf6 30. Nxf6 Rec8 31. Ng4+ Kg7 32. Ne5 Rd6 33. Rc1 Rxd4
1/2-1/2

[Event "BL 9091 Delmenhorst-Solingen"]
[Site "?"]
[Date "1990.??.??"]
[Round "?.6"]
[White "Breutigam, M."]
[Black "Podzielny, K."]
[Result "1-0"]
[WhiteElo "2330"]
[BlackElo "2445"]
[PlyCount "51"]
[EventDate "1990.??.??"]

1. d4 Nf6 2. c4 g6 3. Nc3 Bg7 4. e4 d6 5. Nf3 O-O 6. h3 e5 7. d5 Na6 8. Bg5 Qe8
9. g4 Nc5 10. Nd2 c6 11. b4 Na6 12. a3 h6 13. Be3 Bd7 14. Rc1 c5 15. b5 Nb8 16.
Be2 Nh7 17. h4 f5 18. gxf5 gxf5 19. exf5 Bxf5 20. Nce4 Qe7 21. Bg4 Nd7 22. Bxf5
Rxf5 23. Qg4 Rf7 24. Qe6 Nhf6 25. Nxd6 Qxe6 26. dxe6 1-0

[Event "BL 9091 Delmenhorst-Solingen"]
[Site "?"]
[Date "1990.??.??"]
[Round "?.7"]
[White "Schulte, O."]
[Black "Derikum, A."]
[Result "1/2-1/2"]
[WhiteElo "2410"]
[BlackElo "2320"]
[PlyCount "54"]
[EventDate "1990.??.??"]

1. d4 d5 2. c4 c6 3. Nf3 Nf6 4. Nc3 dxc4 5. a4 Bg4 6. e3 e5 7. Bxc4 Bxf3 8.
Qxf3 exd4 9. exd4 Qxd4 10. Qe2+ Be7 11. O-O Nbd7 12. Re1 O-O 13. Bg5 Bb4 14.
Rad1 Qc5 15. Be3 Qa5 16. Qc2 Ne5 17. Bb3 Ng6 18. Bd4 Qg5 19. Re3 Rad8 20. Bxa7
Rxd1+ 21. Qxd1 Qa5 22. Bd4 Rd8 23. Rd3 Nf4 24. Bxf6 Rxd3 25. Qg4 Ng6 26. Bc4
Rd2 27. Bg5 Rxb2 1/2-1/2

[Event "BL 9091 Delmenhorst-Solingen"]
[Site "?"]
[Date "1990.??.??"]
[Round "?.8"]
[White "Stern, R."]
[Black "Zysk, R."]
[Result "0-1"]
[WhiteElo "2310"]
[BlackElo "2415"]
[PlyCount "60"]
[EventDate "1990.??.??"]

1. d4 f5 2. Nf3 Nf6 3. g3 g6 4. Bg2 Bg7 5. O-O O-O 6. c4 d6 7. Nc3 e6 8. Qc2
Nc6 9. b3 Qe7 10. Ba3 a5 11. e4 e5 12. dxe5 Nxe5 13. Rac1 f4 14. Nd2 Nh5 15.
Nd5 Qd8 16. Rcd1 Bg4 17. f3 fxg3 18. h3 Be6 19. Nb1 Bh6 20. Bc1 Bxc1 21. Qxc1
Bxd5 22. exd5 Nf4 23. Qe3 Qh4 24. Nc3 Rae8 25. Ne4 Nxh3+ 26. Bxh3 Qxh3 27. Rd2
Qxf1+ 28. Kxf1 Rxf3+ 29. Qxf3 Nxf3 30. Nf6+ Kf7 0-1

[Event "BL 9091 HSK-Porz"]
[Site "?"]
[Date "1990.??.??"]
[Round "?.1"]
[White "Christiansen, L."]
[Black "Wahls, M."]
[Result "0-1"]
[WhiteElo "2595"]
[BlackElo "2525"]
[PlyCount "70"]
[EventDate "1990.??.??"]

1. d4 Nf6 2. Nf3 d6 3. Nc3 Nbd7 4. e4 e5 5. Bc4 Be7 6. O-O O-O 7. a4 a5 8. b3
c6 9. Re1 Qc7 10. h3 h6 11. Bb2 Re8 12. Re3 Nf8 13. Ne2 Ng6 14. Ng3 Bf8 15. Qe1
Bd7 16. Rd1 Rad8 17. Bf1 Bc8 18. c4 Nd7 19. Nf5 Nf4 20. c5 d5 21. Nd6 Bxd6 22.
cxd6 Qxd6 23. dxe5 Qg6 24. g3 dxe4 25. Rxe4 Nd5 26. Rg4 Qe6 27. Bd3 Nc5 28. Bc2
Nb4 29. Rxd8 Rxd8 30. Nd4 Rxd4 31. Rxd4 Nxc2 32. Rd8+ Kh7 33. Qc3 Qf5 34. Qxc5
Ne1 35. Rxc8 Qxh3 0-1

[Event "BL 9091 HSK-Porz"]
[Site "?"]
[Date "1990.??.??"]
[Round "?.3"]
[White "Lutz, C."]
[Black "Mueller, Ka"]
[Result "1/2-1/2"]
[WhiteElo "2445"]
[BlackElo "2425"]
[PlyCount "87"]
[EventDate "1990.??.??"]

1. d4 d5 2. c4 dxc4 3. Nf3 a6 4. e3 Nf6 5. Bxc4 e6 6. O-O c5 7. a4 Nc6 8. Qe2
cxd4 9. Rd1 Be7 10. exd4 O-O 11. Nc3 Nb4 12. Ne5 Nfd5 13. Bd2 Nc2 14. Rac1 Nxd4
15. Qe4 Nf6 16. Qe1 Nc6 17. Bf4 Qa5 18. Nxc6 bxc6 19. Bf1 Qb4 20. Be5 c5 21.
Bd6 Bxd6 22. Rxd6 Bb7 23. Rcd1 h6 24. h3 Rfc8 25. Qe5 Bc6 26. R1d2 c4 27. a5
Bd5 28. Nxd5 Nxd5 29. R2xd5 exd5 30. Qxd5 Qb5 31. Bxc4 Qxd5 32. Bxd5 Ra7 33. b4
Kf8 34. Rb6 Ke7 35. Kh2 Rd8 36. Bc6 Rd6 37. Bf3 Kd7 38. Rb8 Ke7 39. Rg8 g6 40.
Rb8 Kd7 41. Bg4+ Ke7 42. Bf3 Rd8 43. Rb6 Rd6 44. Rb8 1/2-1/2

[Event "BL 9091 HSK-Porz"]
[Site "?"]
[Date "1990.??.??"]
[Round "?.4"]
[White "Wegner, H."]
[Black "Schmittdiel, E."]
[Result "1/2-1/2"]
[WhiteElo "2405"]
[BlackElo "2505"]
[PlyCount "123"]
[EventDate "1990.??.??"]

1. d4 Nf6 2. c4 e6 3. Nf3 c5 4. d5 exd5 5. cxd5 g6 6. Nc3 Bg7 7. Bf4 Nh5 8. Bg5
f6 9. Bd2 d6 10. e4 O-O 11. Be2 a6 12. a4 Bh8 13. O-O Bg4 14. h3 Bxf3 15. Bxf3
Ng7 16. Bf4 Ne8 17. Bg4 f5 18. exf5 gxf5 19. Bh5 Nd7 20. Qb3 Qb6 21. Qc2 Be5
22. a5 Qc7 23. Ne2 Ng7 24. Bf3 Rae8 25. Ra3 Nf6 26. b4 Ne4 27. Bxe5 Rxe5 28.
Nf4 c4 29. Rc1 b5 30. axb6 Qxb6 31. Qa2 Qxb4 32. Rxa6 Nd2 33. Be2 Nb3 34. Rb1
Re4 35. g3 Qc3 36. Qb2 Qe5 37. Bxc4 Nc5 38. Bf1 Nxa6 39. Bxa6 Re1+ 40. Bf1 Rxb1
41. Qxb1 Ra8 42. Kg2 Ne8 43. Bd3 Ra1 44. Qc2 Qe1 45. Kf3 Qh1+ 46. Ke3 Ra3 47.
Ke2 Qa1 48. Kf3 Rc3 49. Qd2 Ng7 50. Kg2 Qa5 51. Qb2 Qc7 52. Qb5 Rc5 53. Qb2 Qe7
54. Qb8+ Qf8 55. Qb7 Qe8 56. Qb6 Qd7 57. Qb8+ Rc8 58. Qb1 Rf8 59. Qc2 Qe7 60.
Qc6 Kh8 61. Qc2 Qe5 62. Qc7 1/2-1/2

[Event "BL 9091 HSK-Porz"]
[Site "?"]
[Date "1990.??.??"]
[Round "?.6"]
[White "Reefschlaeger, H."]
[Black "Vogt, L."]
[Result "0-1"]
[WhiteElo "2370"]
[BlackElo "2505"]
[PlyCount "100"]
[EventDate "1990.??.??"]

1. e4 c5 2. f4 d5 3. Nc3 dxe4 4. Nxe4 e6 5. Nf3 Nc6 6. b3 Nf6 7. Nf2 Bd6 8. Nd3
b6 9. g3 Bb7 10. Bg2 Nd4 11. O-O Nxf3+ 12. Bxf3 Bxf3 13. Qxf3 O-O 14. Bb2 Rc8
15. c4 Be7 16. Rad1 Nd7 17. Ne5 Nxe5 18. Bxe5 Bf6 19. d4 Qe7 20. d5 Bxe5 21.
fxe5 exd5 22. Rxd5 h6 23. Qf5 Rc7 24. Rfd1 Re8 25. Kf2 Rc6 26. R1d3 Re6 27. Re3
Rf6 28. exf6 Qxe3+ 29. Kg2 g6 30. Qf4 Qxf4 31. gxf4 Re6 32. Rd8+ Kh7 33. Rd7
Rxf6 34. Rxa7 Rxf4 35. Ra6 Re4 36. Rxb6 Re2+ 37. Kf3 Rxa2 38. Rb5 Rxh2 39. Rxc5
Rh3+ 40. Ke4 Rxb3 41. Rb5 Rc3 42. Kd5 h5 43. c5 h4 44. Kd6 h3 45. c6 Rg3 46.
Rb2 Rd3+ 47. Ke7 Rc3 48. Kxf7 g5 49. Kf6 Kh6 50. Kf5 Kh5 0-1

[Event "BL 9091 HSK-Porz"]
[Site "?"]
[Date "1990.??.??"]
[Round "?.7"]
[White "Uhlmann, W."]
[Black "Sievers, S."]
[Result "0-1"]
[WhiteElo "2505"]
[BlackElo "2330"]
[PlyCount "118"]
[EventDate "1990.??.??"]

1. c4 Nf6 2. Nc3 c5 3. Nf3 g6 4. d4 cxd4 5. Nxd4 Nc6 6. e4 Bg7 7. Be3 Ng4 8.
Qxg4 Nxd4 9. Qd1 Ne6 10. Rc1 Qa5 11. Be2 b6 12. Qd5 Qxd5 13. exd5 Nd4 14. Bd3
Bb7 15. O-O O-O 16. Rfd1 Nf5 17. Bg5 Rfe8 18. b3 Rac8 19. Re1 e6 20. dxe6 dxe6
21. Ne4 Bxe4 22. Bxe4 h6 23. Bd2 Red8 24. Rcd1 Nd4 25. Kf1 Rd7 26. Be3 Rcd8 27.
g4 f5 28. gxf5 gxf5 29. Bg2 Nc2 30. Rxd7 Rxd7 31. Rc1 Nxe3+ 32. fxe3 Rd2 33. c5
bxc5 34. Rxc5 Rxa2 35. b4 Bf8 36. Ra5 Rc2 37. Rxa7 Bxb4 38. Ra6 Kf7 39. Rc6 Bc5
40. Rc7+ Kf6 41. Rc6 Ke7 42. e4 f4 43. e5 Rf2+ 44. Kg1 Be3 45. Kh1 f3 46. Bh3
Bf4 47. Rxe6+ Kd8 48. Kg1 Be3 49. Kh1 Re2 50. Rd6+ Kc7 51. Rd7+ Kb6 52. Rd1 Bf4
53. Kg1 Rxh2 54. Rd4 Bg3 55. Rd6+ Kc5 56. Rxh6 Kd4 57. Rh5 Ke3 58. e6 f2+ 59.
Kf1 Rh1+ 0-1

[Event "BL 9091 HSK-Porz"]
[Site "?"]
[Date "1990.??.??"]
[Round "?.8"]
[White "Heinemann, T."]
[Black "Schoen, W."]
[Result "1-0"]
[WhiteElo "2340"]
[BlackElo "2380"]
[PlyCount "101"]
[EventDate "1990.??.??"]

1. Nf3 Nf6 2. c4 c5 3. Nc3 d5 4. cxd5 Nxd5 5. d4 Nxc3 6. bxc3 g6 7. Bf4 Bg7 8.
e3 O-O 9. Be2 Qa5 10. Qd2 Nc6 11. O-O Rd8 12. Qb2 a6 13. a4 cxd4 14. cxd4 e5
15. dxe5 Be6 16. h3 Bd5 17. Ra3 Bxf3 18. Bxf3 Nxe5 19. Bxe5 Bxe5 20. Qxb7 Rab8
21. Qe4 Rb4 22. Qc6 Rb2 23. Be4 Rbd2 24. Qc4 Rd1 25. Rd3 Rxf1+ 26. Kxf1 Qb6 27.
g3 a5 28. Bd5 Kg7 29. Rb3 Qf6 30. Rb7 Rf8 31. Kg2 Bc3 32. Bxf7 Be1 33. Bd5+ Kh8
34. f4 Qc3 35. Qxc3+ Bxc3 36. Kf3 Rd8 37. e4 Bb4 38. Ke2 Bc5 39. Kf3 h5 40. Rb5
Bb4 41. Rb6 Kg7 42. Rb7+ Kh8 43. Ra7 Rd6 44. g4 Bd2 45. Rf7 hxg4+ 46. Kxg4 Bc3
47. Kg5 Bg7 48. Ra7 Bf6+ 49. Kh6 Bg7+ 50. Rxg7 g5+ 51. Rg6 1-0

[Event "BL 9091 Tegel-Koblenz"]
[Site "?"]
[Date "1990.??.??"]
[Round "?.1"]
[White "Brueckner, T."]
[Black "Tomczak, R."]
[Result "1/2-1/2"]
[WhiteElo "2405"]
[BlackElo "2305"]
[PlyCount "80"]
[EventDate "1990.??.??"]

1. c4 Nf6 2. Nc3 e5 3. g3 d5 4. cxd5 Nxd5 5. Bg2 Nb6 6. Nf3 Nc6 7. O-O Be7 8.
a3 O-O 9. b4 Be6 10. d3 Nd4 11. Rb1 Nd5 12. Bb2 Nxc3 13. Bxc3 f6 14. Bxd4 exd4
15. Nd2 c6 16. b5 Bxa3 17. bxc6 bxc6 18. Qa4 Qd6 19. Rb7 Bd5 20. Bxd5+ cxd5 21.
Rfb1 Rf7 22. Rxf7 Kxf7 23. Rb7+ Kg8 24. Rd7 Qe6 25. Nb3 Bb2 26. Qb5 Kh8 27. Qb7
Rg8 28. Nc5 Qxe2 29. Qxd5 h6 30. Ne6 Qd1+ 31. Kg2 Qxd3 32. Nf4 Qc2 33. Qf7 Qe4+
34. Kf1 Qh1+ 35. Ke2 Qe4+ 36. Kf1 Kh7 37. Ne6 Qh1+ 38. Ke2 Qe4+ 39. Kf1 Qh1+
40. Ke2 Qe4+ 1/2-1/2